Auteurs de sociologie contemporaine - Statistiques

Statistiques générales
  • Ce quiz a été pris 355 fois
  • Le résultat moyen est 5 sur 20
Statistiques - réponses
Ouvrages Auteurs % Correct
La distinction/La reproduction/Questions de sociologie Pierre Bourdieu
97%
Enfance de classe/Les structures fondamentales des sociétés humaines/L'Homme pluriel Bernard Lahire
58%
Outsiders/Les mondes de l'art/Les ficelles du métier Howard Becker
54%
Les ghettos du gotha/Sociologie de la bourgeoisie Michel Pinçon/Monique Pinçon-Charlot
51%
Asiles Erving Goffman
47%
L'inégalité des chances/Dictionnaire critique de sociologie Raymond Boudon
34%
Le cens caché Daniel Gaxie
24%
Un art moyen/De la critique/Les cadres Luc Boltanski
18%
L'école capitaliste en France/Aller les filles ! Christian Baudelot/Roger Establet
16%
La socialisation Muriel Darmon
16%
L'ennemi principal/Casser, dominer Christine Delphy
15%
L'acteur et le système Michel Crozier
15%
Les étapes de la pensée sociologique Raymond Aron
15%
L'idéologie raciste/Sexe, Race et Pratique du pouvoir Colette Guillaumin
12%
Sociologie des familles contemporaines/Fortune et infortune de la femme mariée François de Singly
10%
Studies in ethnometodology Harold Garfinkel
10%
Principes du gouvernement représentatif Bernard Manin
8%
La grande confusion/Théories sociologiques contemporaines Philippe Corcuff
3%
Sociologie des crises politiques Michel Dobry
2%
Le marché autrement Marc Granovetter
0%
Aucun quiz correspondant
Distribution des résultats
% des personnes avec chaque résultat
Percentile par nombre de réponses
Votre historique - résultats
Vous n’avez pas pris ce quiz